[Event "4NCL Division 1d"]
[Site "Birmingham, ENG"]
[Date "2016.05.01"]
[Round "10.162"]
[White "Zakarian, David"]
[Black "Toma, Katarzyna"]
[Result "0-1"]
[WhiteElo "2393"]
[BlackElo "2307"]
[PlyCount "94"]
[EventDate "2016.05.01"]
[WhiteTeam "Oxford 1"]
[BlackTeam "South Wales Dragons"]

1. e4 c5 2. Nf3 Nc6 3. Bb5 d6 4. O-O Bd7 5. c3 a6 6. Bc4 b5 7. Bb3 e5 8. h3 Be7
9. d4 Nf6 10. dxc5 dxc5 11. Qe2 c4 12. Bc2 h6 13. Rd1 Qc7 14. b3 Be6 15. Nbd2
O-O 16. bxc4 Na5 17. Bd3 Nh5 18. Nf1 Nxc4 19. Ng5 Bxg5 20. Qxh5 Bxc1 21. Rdxc1
Nb2 22. Be2 Na4 23. c4 bxc4 24. Bxc4 Bxc4 25. Ne3 Nb6 26. Rc2 Rfd8 27. Rac1 Rd4
28. Qg4 g6 29. Nf5 h5 30. Qg5 Qd8 31. Ne7+ Kh7 32. Qxe5 Rd1+ 33. Kh2 Rxc1 34.
Rxc1 Qb8 35. Qxb8 Rxb8 36. a3 Re8 37. Nd5 Bxd5 38. exd5 Nxd5 39. Rc5 Nf4 40.
Ra5 Re6 41. Kg3 Ne2+ 42. Kf3 Nd4+ 43. Kg3 Kg7 44. Ra4 Nb5 45. Kf3 Rc6 46. Kf4
Kf6 47. Ra5 Rc4+ 0-1

[Event "4NCL Division 1d"]
[Site "Birmingham, ENG"]
[Date "2016.05.01"]
[Round "10.163"]
[White "Cooper, John G"]
[Black "Martins, David Pires Tavares"]
[Result "0-1"]
[WhiteElo "2272"]
[BlackElo "2407"]
[PlyCount "94"]
[EventDate "2016.05.01"]
[WhiteTeam "South Wales Dragons"]
[BlackTeam "Oxford 1"]

1. c4 f5 2. g3 Nf6 3. Bg2 g6 4. d4 Bg7 5. Nf3 O-O 6. b3 c5 7. O-O Nc6 8. Bb2
Ne4 9. e3 e6 10. Nc3 d5 11. Rc1 cxd4 12. Nxd4 Nxd4 13. exd4 b6 14. Re1 Bb7 15.
Ne2 Bh6 16. Rc2 Qd7 17. Bc1 Bg7 18. Bf4 dxc4 19. bxc4 Rfd8 20. f3 Nd6 21. Be5
Nxc4 22. Rxc4 Bxe5 23. Qc1 b5 24. Rc2 Bxd4+ 25. Nxd4 Qxd4+ 26. Kh1 Rac8 27.
Rxc8 Rxc8 28. Qb1 Qc4 29. f4 Bxg2+ 30. Kxg2 Qd5+ 31. Kh3 a6 32. Rd1 Qf3 33. Rd2
Kg7 34. Qb2+ Qc3 35. Rd7+ Kh6 36. Qe2 Rc6 37. Qf2 Rc7 38. Rd6 a5 39. Rxe6 Qc4
40. Re5 a4 41. a3 b4 42. axb4 Qxb4 43. Re8 Qb1 44. Re1 Qb4 45. Re8 a3 46. Qe3
Qb2 47. Re7 Rc2 0-1

[Event "4NCL Division 1d"]
[Site "Birmingham, ENG"]
[Date "2016.05.01"]
[Round "10.164"]
[White "Eckersley-Waites, Tom"]
[Black "Kett, Tim"]
[Result "1/2-1/2"]
[WhiteElo "2313"]
[BlackElo "2184"]
[PlyCount "94"]
[EventDate "2016.05.01"]
[WhiteTeam "Oxford 1"]
[BlackTeam "South Wales Dragons"]

1. e4 e5 2. Nf3 Nc6 3. Bc4 Nf6 4. Ng5 d5 5. exd5 Nd4 6. c3 b5 7. cxd4 bxc4 8.
dxe5 Nxd5 9. Qa4+ Bd7 10. Qxc4 Qxg5 11. Qxd5 Rd8 12. Nc3 Be7 13. d4 Qg6 14. Qf3
Bg4 15. Qf4 O-O 16. Be3 f6 17. Qg3 fxe5 18. dxe5 Qh5 19. h3 Bc8 20. O-O Bh4 21.
Qh2 Rde8 22. Rac1 Rxe5 23. Ne2 Rxe3 24. fxe3 Qxe2 25. Rxf8+ Kxf8 26. Qf4+ Bf6
27. Rxc7 Qa6 28. Qb4+ Ke8 29. Qc5 Bd7 30. Rxa7 Qd3 31. b4 Qe4 32. Qh5+ Kd8 33.
Qa5+ Ke8 34. Ra8+ Kf7 35. Qh5+ Ke7 36. Qc5+ Kf7 37. Qh5+ Ke7 38. Qc5+ Kf7 39.
Ra6 Be5 40. Kf2 Be6 41. Ra7+ Kg6 42. Ra5 Qh4+ 43. Ke2 Bc4+ 44. Kd1 Qd8+ 45. Kc1
Bb2+ 46. Kxb2 Qd2+ 47. Kb1 Qd1+ 1/2-1/2

[Event "4NCL Division 1d"]
[Site "Birmingham, ENG"]
[Date "2016.05.01"]
[Round "10.165"]
[White "Williamson, Roger G"]
[Black "Hansen, Hans-Peter"]
[Result "1/2-1/2"]
[WhiteElo "2194"]
[BlackElo "2262"]
[PlyCount "34"]
[EventDate "2016.05.01"]
[WhiteTeam "South Wales Dragons"]
[BlackTeam "Oxford 1"]

1. d4 Nf6 2. c4 c5 3. Nf3 cxd4 4. Nxd4 e6 5. g3 Qc7 6. Nd2 Nc6 7. Nb5 Qb8 8.
Bg2 a6 9. Nc3 b5 10. Bxc6 dxc6 11. O-O Be7 12. c5 O-O 13. Nde4 Nd5 14. Qc2 e5
15. Rd1 Be6 16. Ng5 Bxg5 17. Bxg5 f6 1/2-1/2

[Event "4NCL Division 1d"]
[Site "Birmingham, ENG"]
[Date "2016.05.01"]
[Round "10.166"]
[White "Claridge-Hansen, William"]
[Black "Redmond, John P"]
[Result "1-0"]
[WhiteElo "2288"]
[BlackElo "2203"]
[PlyCount "73"]
[EventDate "2016.05.01"]
[WhiteTeam "Oxford 1"]
[BlackTeam "South Wales Dragons"]

1. c4 Nf6 2. g3 e5 3. Bg2 c6 4. d4 Bb4+ 5. Bd2 Bxd2+ 6. Qxd2 d6 7. Nc3 O-O 8.
e3 Be6 9. d5 cxd5 10. Nxd5 Bxd5 11. Bxd5 Nxd5 12. Qxd5 Qb6 13. b3 a5 14. Rd1 a4
15. Nf3 axb3 16. axb3 Qb4+ 17. Nd2 Nd7 18. O-O Ra5 19. Qd3 Ra6 20. Ne4 Nc5 21.
Nxc5 Qxc5 22. Ra1 Rfa8 23. Rxa6 Rxa6 24. Qe4 Qc6 25. Qh4 Ra8 26. b4 h6 27. b5
Qc7 28. Qe4 Rc8 29. Ra1 Qb6 30. Qd5 Kf8 31. h4 h5 32. Qe4 g6 33. Kh2 Ke7 34. f4
f5 35. Qd5 Kf6 36. Ra7 Qxa7 37. Qxd6+ {time} 1-0

[Event "4NCL Division 1d"]
[Site "Birmingham, ENG"]
[Date "2016.05.01"]
[Round "10.167"]
[White "Zeidler, Sven P"]
[Black "Healey, Michael W"]
[Result "0-1"]
[WhiteElo "2182"]
[BlackElo "2109"]
[PlyCount "68"]
[EventDate "2016.05.01"]
[WhiteTeam "South Wales Dragons"]
[BlackTeam "Oxford 1"]

1. e4 e5 2. Nf3 Nc6 3. c3 Nf6 4. d4 exd4 5. e5 Nd5 6. cxd4 Bb4+ 7. Bd2 Bxd2+ 8.
Qxd2 d6 9. Bb5 O-O 10. Nc3 Nxc3 11. Bxc6 bxc6 12. Qxc3 c5 13. dxc5 dxe5 14. Rd1
Qe8 15. O-O f6 16. Nd2 Qf7 17. b3 Be6 18. f4 exf4 19. Rxf4 Bd5 20. Nc4 Rae8 21.
Rfd4 Be4 22. Qg3 Re7 23. Rd8 Qh5 24. Qf2 Rxd8 25. Rxd8+ Kf7 26. b4 Bxg2 27. Ne3
Bc6 28. Qf4 Qh3 29. Qc4+ Re6 30. Rd3 Be4 31. Rd7+ Kg6 32. Qd4 Re5 33. Kf2 Qf3+
34. Ke1 Bf5 0-1

[Event "4NCL Division 1d"]
[Site "Birmingham, ENG"]
[Date "2016.05.01"]
[Round "10.168"]
[White "Matta, Francesca"]
[Black "Jameson, David"]
[Result "0-1"]
[WhiteElo "1975"]
[BlackElo "2125"]
[PlyCount "130"]
[EventDate "2016.05.01"]
[WhiteTeam "Oxford 1"]
[BlackTeam "South Wales Dragons"]

1. d4 d5 2. c4 c6 3. Nf3 Nf6 4. Nc3 e6 5. Bg5 h6 6. Bxf6 Qxf6 7. e3 Nd7 8. Bd3
Bb4 9. O-O O-O 10. Qc2 dxc4 11. Bxc4 e5 12. Rfd1 exd4 13. Rxd4 Bxc3 14. Qxc3 c5
15. Rf4 Qxc3 16. bxc3 Nf6 17. e4 Be6 18. Bxe6 fxe6 19. e5 Nd5 20. Rxf8+ Rxf8
21. Rc1 Rf4 22. Nd2 Ra4 23. Rc2 Rf4 24. Rc1 g5 25. h3 Kf8 26. g4 Ke7 27. f3 Ra4
28. Rc2 Nf4 29. Ne4 b6 30. Kh2 Ng6 31. Kg3 Nxe5 32. Rh2 Ng6 33. Rd2 Ra3 34. Kf2
Nf4 35. Kg3 Nd5 36. Rc2 Nf6 37. h4 Nxe4+ 38. fxe4 Kf6 39. h5 Ke5 40. Kf3 b5 41.
Kg2 Kf4 42. Rf2+ Kxg4 43. Rf6 Rxa2+ 44. Kf1 Kxh5 45. Rxe6 Ra3 46. e5 Rxc3 47.
Ke2 g4 48. Rf6 Kg5 49. Rf7 Rf3 50. e6 Kg6 51. Rxa7 Kf6 52. e7 Kf7 53. Rc7 c4
54. Rc5 Rb3 55. Re5 Ke8 56. Rh5 Kxe7 57. Rxh6 Kd7 58. Rg6 g3 59. Kd1 Kc7 60.
Kc2 Rf3 61. Kc1 b4 62. Kd2 b3 63. Rg4 c3+ 64. Ke2 Rf2+ 65. Kd3 c2 0-1

[Event "4NCL Division 1d"]
[Site "Birmingham, ENG"]
[Date "2016.05.01"]
[Round "10.171"]
[White "Tarhon, Brian"]
[Black "L'Ami, Alina"]
[Result "1-0"]
[WhiteElo "2293"]
[BlackElo "2348"]
[PlyCount "67"]
[EventDate "2016.05.01"]
[WhiteTeam "Sussex Martlets 1"]
[BlackTeam "Spirit of Atticus A"]

1. e4 c5 2. Nf3 d6 3. d4 cxd4 4. Nxd4 Nf6 5. Nc3 a6 6. Be2 e5 7. Nb3 Be7 8. O-O
O-O 9. Be3 Be6 10. Qd3 Nbd7 11. Nd5 Bxd5 12. exd5 Nc5 13. Nxc5 dxc5 14. c4 b6
15. Rae1 Bd6 16. Qd2 Qc7 17. g3 Nd7 18. Kg2 f5 19. f3 Nf6 20. Bd3 g6 21. Bg5
Nh5 22. Re2 e4 23. fxe4 Bxg3 24. exf5 Bxh2 25. Qe1 Bd6 26. fxg6 Rxf1 27. gxh7+
Kh8 28. Kxf1 Qf7+ 29. Rf2 Qg7 30. Qe3 Be5 31. Bh6 Qc7 32. Qf3 Ng3+ 33. Kg2 Qe7
34. d6 1-0

[Event "4NCL Division 1d"]
[Site "Birmingham, ENG"]
[Date "2016.05.01"]
[Round "10.172"]
[White "Carleton, John J"]
[Black "Graham, David B"]
[Result "0-1"]
[WhiteElo "2299"]
[BlackElo "2127"]
[PlyCount "162"]
[EventDate "2016.05.01"]
[WhiteTeam "Spirit of Atticus A"]
[BlackTeam "Sussex Martlets 1"]

1. d4 Nf6 2. c4 g6 3. Nc3 Bg7 4. e4 d6 5. Be2 O-O 6. f4 c5 7. Nf3 cxd4 8. Nxd4
Nc6 9. Be3 a6 10. O-O Bd7 11. Kh1 b5 12. cxb5 Nxd4 13. Bxd4 Bxb5 14. Nxb5 axb5
15. Bxb5 Qa5 16. a4 Qb4 17. Rc1 Rac8 18. Rxc8 Rxc8 19. Qd3 Nxe4 20. Qxe4 Qxd4
21. Qxd4 Bxd4 22. b4 Rc2 23. Rb1 e5 24. fxe5 dxe5 25. Bd3 Rd2 26. Bc4 e4 27. g3
e3 28. Re1 g5 29. Re2 Kf8 30. Kg2 Bc3 31. Kf3 Rd4 32. Bb5 Bd2 33. Rg2 Rxb4 34.
g4 Rb1 35. Ke4 Ke7 36. Kd3 f6 37. Bc4 Ra1 38. Bb5 Kd6 39. Ke2 Ke5 40. Kf3 h6
41. h4 gxh4 42. Rh2 Be1 43. Kxe3 Ra3+ 44. Bd3 Rxa4 45. Re2 Bg3 46. Kf3+ Kd6 47.
Be4 Be5 48. Kg2 Ra3 49. Rd2+ Kc5 50. Rd3 Ra2+ 51. Kh1 Rh2+ 52. Kg1 Re2 53. Bg2
Rb2 54. Rd1 Rb3 55. Kf2 Bd4+ 56. Kf1 h3 57. Be4 Rg3 58. Rd3 Rxg4 59. Bb7 Rh4
60. Ke2 h2 61. Bh1 Be5 62. Rd5+ Kb4 63. Rd1 Rg4 64. Rb1+ Kc3 65. Rc1+ Kb2 66.
Rf1 Rg1 67. Bb7 Kc3 68. Rf3+ Kd4 69. Rd3+ Kc5 70. Rh3 Rb1 71. Ba8 Rb8 72. Bf3
Rb2+ 73. Kd3 Rb3+ 74. Ke4 Rb4+ 75. Kd3 Bf4 76. Rh5+ Kd6 77. Ba8 Ra4 78. Bh1 Ra1
79. Bf3 Ra2 80. Bb7 Bg5 81. Ke4 Ra7 0-1

[Event "4NCL Division 1d"]
[Site "Birmingham, ENG"]
[Date "2016.05.01"]
[Round "10.173"]
[White "Cumming, Rhys"]
[Black "Lund, D Brett"]
[Result "1/2-1/2"]
[WhiteElo "2162"]
[BlackElo "2292"]
[PlyCount "107"]
[EventDate "2016.05.01"]
[WhiteTeam "Sussex Martlets 1"]
[BlackTeam "Spirit of Atticus A"]

1. d4 Nf6 2. Bg5 g6 3. Bxf6 exf6 4. e3 f5 5. g3 d6 6. Bg2 Bg7 7. Ne2 Nd7 8. c4
c6 9. Nbc3 Nf6 10. b4 O-O 11. O-O Be6 12. Qd3 Bd7 13. a4 Re8 14. a5 a6 15. Na4
h5 16. Nb6 Rb8 17. Rab1 Bh6 18. Nc3 h4 19. b5 hxg3 20. hxg3 axb5 21. cxb5 d5
22. Nca4 f4 23. Nxd7 Nxd7 24. bxc6 bxc6 25. Rxb8 Qxb8 26. gxf4 Qb4 27. Qc2 Nb8
28. a6 Qa5 29. Nc5 Bf8 30. Rc1 Bxc5 31. Qxc5 Qxa6 32. Rc3 Qe2 33. Rc1 Kg7 34.
Qd6 Qb2 35. Rf1 Qb7 36. Ra1 Qe7 37. Qxe7 Rxe7 38. Rb1 Re8 39. Rb6 f5 40. Bf1
Kf7 41. Rb7+ Ke6 42. Rg7 Kf6 43. Rc7 Ke6 44. Rg7 Kf6 45. Ra7 Ke6 46. Ra8 Rf8
47. Kg2 Nd7 48. Ra6 Kd6 49. Bd3 Rb8 50. Kg3 Rb2 51. Ra7 Rd2 52. Bb1 Rb2 53. Bd3
Rd2 54. Bb1 1/2-1/2

[Event "4NCL Division 1d"]
[Site "Birmingham, ENG"]
[Date "2016.05.01"]
[Round "10.174"]
[White "Ivell, Nicholas W"]
[Black "Bucher, Grant W"]
[Result "1/2-1/2"]
[WhiteElo "2227"]
[BlackElo "2121"]
[PlyCount "79"]
[EventDate "2016.05.01"]
[WhiteTeam "Spirit of Atticus A"]
[BlackTeam "Sussex Martlets 1"]

1. e4 e5 2. Bc4 Nf6 3. d3 Nc6 4. Nf3 Be7 5. c3 d6 6. O-O O-O 7. Bb3 h6 8. Re1
Re8 9. Nbd2 Bf8 10. Nf1 Na5 11. Bc2 c5 12. d4 Qc7 13. d5 b5 14. b3 Bd7 15. Ng3
Nb7 16. c4 Reb8 17. Qd3 b4 18. h3 Be7 19. Nh2 Nh7 20. a4 Bg5 21. Bb2 Bf4 22.
Ne2 Bxh2+ 23. Kxh2 Rf8 24. Ng3 Rae8 25. Rf1 f6 26. f4 Rf7 27. Bd1 Nf8 28. Bh5
g6 29. Be2 Rb8 30. Rf2 Nh7 31. Raf1 Rbf8 32. Qe3 g5 33. fxg5 fxg5 34. Bh5 Rxf2
35. Rxf2 Qd8 36. Bg6 Rf6 37. Bf5 Bxf5 38. Nxf5 Qf8 39. Qf3 Kh8 40. Bc1 1/2-1/2

[Event "4NCL Division 1d"]
[Site "Birmingham, ENG"]
[Date "2016.05.01"]
[Round "10.175"]
[White "Salimbeni, George P W"]
[Black "House, Glenn L"]
[Result "0-1"]
[WhiteElo "2068"]
[BlackElo "2213"]
[PlyCount "145"]
[EventDate "2016.05.01"]
[WhiteTeam "Sussex Martlets 1"]
[BlackTeam "Spirit of Atticus A"]

1. e4 c5 2. Nc3 e6 3. g3 d5 4. exd5 exd5 5. Bg2 Nf6 6. Nge2 d4 7. Ne4 Nxe4 8.
Bxe4 Nd7 9. O-O Nf6 10. Bg2 Bd6 11. d3 O-O 12. Bg5 h6 13. Bxf6 Qxf6 14. Qd2 Rb8
15. Rfe1 b6 16. Nc1 Bg4 17. Nb3 Rbc8 18. Bf1 Bb8 19. Qc1 Rce8 20. Bg2 Rc8 21.
Nd2 Qd8 22. a4 Qd7 23. b3 Rfe8 24. f3 Bh5 25. Ne4 Bg6 26. f4 Bh5 27. Qa3 f5 28.
Nd2 Re7 29. Bf3 Bf7 30. Rad1 Rce8 31. Rxe7 Qxe7 32. Nc4 g5 33. fxg5 hxg5 34.
Qc1 g4 35. Bc6 Rc8 36. Re1 Qf6 37. Bb7 Rf8 38. Qd1 Re8 39. Rxe8+ Bxe8 40. Bd5+
Kg7 41. Qe2 Bd7 42. Nd2 Bc7 43. Nf1 Qd6 44. Bg2 Bd8 45. Nd2 Bc7 46. Nf1 Kf6 47.
Qd2 Kg6 48. Qe2 a6 49. Bb7 b5 50. axb5 axb5 51. Qg2 Kf6 52. Qd2 Kg6 53. Qg2 Ba5
54. Qd5 Qxd5 55. Bxd5 Be1 56. Kg2 Kf6 57. h3 Ke5 58. Bb7 Kd6 59. hxg4 fxg4 60.
Be4 Kc7 61. Nh2 Kb6 62. Bg6 Ka5 63. Bh5 Bc6+ 64. Kf1 Bxg3 65. Nxg4 Kb4 66. Ke2
Kc3 67. Kd1 Bf3+ 68. Kc1 Bf4+ 69. Kb1 Bd1 70. Nf6 Bxc2+ 71. Ka1 Kxb3 72. Bf7+
Ka3 73. Ba2 0-1

[Event "4NCL Division 1d"]
[Site "Birmingham, ENG"]
[Date "2016.05.01"]
[Round "10.176"]
[White "Mitchell, Martin"]
[Black "Grant, David J"]
[Result "1-0"]
[WhiteElo "2188"]
[BlackElo "2086"]
[PlyCount "67"]
[EventDate "2016.05.01"]
[WhiteTeam "Spirit of Atticus A"]
[BlackTeam "Sussex Martlets 1"]

1. d4 Nf6 2. c4 g6 3. Nc3 d5 4. cxd5 Nxd5 5. e4 Nxc3 6. bxc3 Bg7 7. Nf3 c5 8.
Rb1 O-O 9. Be2 cxd4 10. cxd4 Qa5+ 11. Bd2 Qxa2 12. O-O Bg4 13. Be3 Nc6 14. d5
Ne5 15. Re1 Nxf3+ 16. gxf3 Bh3 17. Bd4 Bxd4 18. Qxd4 Qa5 19. Qe5 Rfe8 20. Bb5
Rec8 21. Qxe7 Qc3 22. Be2 Rc7 23. Qh4 Bd7 24. d6 Rc5 25. Qe7 Bh3 26. d7 Qa5 27.
f4 Rd8 28. Red1 Qc7 29. Rxb7 Qxf4 30. Qxd8+ Kg7 31. Qf8+ Kxf8 32. d8=Q+ Kg7 33.
Qd4+ Kh6 34. Qxc5 1-0

[Event "4NCL Division 1d"]
[Site "Birmingham, ENG"]
[Date "2016.05.01"]
[Round "10.177"]
[White "Brewer, Callum D"]
[Black "Ackley, Peter J E"]
[Result "1/2-1/2"]
[WhiteElo "2005"]
[BlackElo "2087"]
[PlyCount "88"]
[EventDate "2016.05.01"]
[WhiteTeam "Sussex Martlets 1"]
[BlackTeam "Spirit of Atticus A"]

1. e4 g6 2. d4 Bg7 3. Nc3 d6 4. Be3 a6 5. a4 b6 6. Bc4 e6 7. Nge2 Ne7 8. Qd2 h6
9. O-O Nd7 10. f4 Nf6 11. Ba2 d5 12. e5 Ng4 13. h3 Nxe3 14. Qxe3 h5 15. Qf2 h4
16. Nd1 Bb7 17. b4 Nf5 18. Ne3 Bf8 19. Nxf5 gxf5 20. Rfb1 Be7 21. Rb2 Qd7 22.
Bb1 O-O-O 23. c3 Rdg8 24. Bd3 Kb8 25. Rab1 Rg6 26. Nc1 Rg3 27. Qf1 Ka7 28. Nb3
Rhg8 29. Kh1 Re3 30. b5 Rgg3 31. bxa6 Bc6 32. Nc1 Bxa4 33. Ra1 Bc6 34. Qd1 Qe8
35. Raa2 Qf8 36. Rd2 Qg7 37. Rf2 f6 38. Rad2 fxe5 39. fxe5 Be8 40. Ne2 Rg6 41.
Nf4 Rh6 42. Rf3 Bg5 43. Rxe3 Bxf4 44. Rf3 Bxd2 1/2-1/2

[Event "4NCL Division 1d"]
[Site "Birmingham, ENG"]
[Date "2016.05.01"]
[Round "10.178"]
[White "Latham, David"]
[Black "Graham, Cassie M"]
[Result "1-0"]
[WhiteElo "2122"]
[BlackElo "1812"]
[PlyCount "119"]
[EventDate "2016.05.01"]
[WhiteTeam "Spirit of Atticus A"]
[BlackTeam "Sussex Martlets 1"]

1. e4 c5 2. Nc3 Nc6 3. Nf3 d6 4. d4 cxd4 5. Nxd4 Nf6 6. Bc4 e6 7. Bb3 Be7 8. g4
Nxd4 9. Qxd4 e5 10. Qc4 Be6 11. Qe2 Bxg4 12. Ba4+ Bd7 13. Bxd7+ Qxd7 14. Rg1 g6
15. Bh6 Rg8 16. O-O-O O-O-O 17. Qc4+ Kb8 18. Qxf7 Rc8 19. Bg5 Rgf8 20. Qb3 Rc6
21. Rd3 Rb6 22. Qa4 Qxa4 23. Nxa4 Rc6 24. Nc3 Ng8 25. Be3 Bh4 26. f3 Rfc8 27.
Rg2 a6 28. Nd5 Bd8 29. c3 Nf6 30. Nb4 R6c7 31. Rxd6 Be7 32. Rb6 Bxb4 33. Rxb4
Nd7 34. f4 Rc4 35. Rc2 a5 36. Rxc4 Rxc4 37. Kd2 exf4 38. Bxf4+ Kc8 39. Kd3 b5
40. Bd6 Kb7 41. Rf2 Kc6 42. b3 Nc5+ 43. Bxc5 Rxc5 44. Rf6+ Kd7 45. Rf7+ Ke6 46.
Rxh7 Rg5 47. Rb7 Rg2 48. Rxb5 Rxa2 49. h4 a4 50. b4 Rh2 51. Rb6+ Kf7 52. Ra6
Rxh4 53. b5 Rh5 54. c4 Rh3+ 55. Kd4 a3 56. c5 g5 57. b6 Ke7 58. Ra7+ Kd8 59.
Ra8+ Kd7 60. b7 1-0

[Event "4NCL Division 1d"]
[Site "Birmingham, ENG"]
[Date "2016.05.01"]
[Round "10.181"]
[White "Haria, Ravi"]
[Black "Gantner, Matthias"]
[Result "1-0"]
[WhiteElo "2394"]
[BlackElo "2286"]
[PlyCount "93"]
[EventDate "2016.05.01"]
[WhiteTeam "Cambridge University 1"]
[BlackTeam "White Rose 2"]

1. e4 e6 2. d4 d5 3. Nd2 c5 4. Ngf3 cxd4 5. Nxd4 Nc6 6. Bb5 Bd7 7. Nxc6 Bxc6 8.
Bxc6+ bxc6 9. c4 Nf6 10. Qa4 Qd7 11. e5 Ng8 12. O-O Ne7 13. Nf3 Nc8 14. Nd4 Bc5
15. Qxc6 Qxc6 16. Nxc6 dxc4 17. Rd1 Nb6 18. Be3 Bxe3 19. fxe3 O-O 20. Rac1 Kh8
21. Rd6 Rfc8 22. Nxa7 Rxa7 23. Rxb6 h5 24. a3 Ra5 25. Rb4 Rac5 26. Rc3 g5 27.
Kf2 Kg7 28. e4 f6 29. exf6+ Kxf6 30. Ke3 Ke5 31. a4 Kd6 32. Rb6+ Ke7 33. Rb5
Rxb5 34. axb5 Rc5 35. b4 Rxb5 36. Rxc4 Kf6 37. Kd4 g4 38. g3 Kg6 39. Kc3 Rb8
40. Rc6 Kf6 41. Rc5 Rh8 42. b5 h4 43. gxh4 Rxh4 44. b6 Rh8 45. b7 Rb8 46. Rb5
e5 47. Kc4 1-0

[Event "4NCL Division 1d"]
[Site "Birmingham, ENG"]
[Date "2016.05.01"]
[Round "10.182"]
[White "Brown, Martin"]
[Black "Wallace, John Paul"]
[Result "1/2-1/2"]
[WhiteElo "2254"]
[BlackElo "2372"]
[PlyCount "92"]
[EventDate "2016.05.01"]
[WhiteTeam "White Rose 2"]
[BlackTeam "Cambridge University 1"]

1. e4 c5 2. Nf3 e6 3. d4 cxd4 4. Nxd4 a6 5. Be2 Nf6 6. Nc3 d6 7. f4 Qc7 8. O-O
Be7 9. Kh1 h5 10. Bf3 Nbd7 11. Be3 Nb6 12. Bg1 g6 13. Nde2 e5 14. b3 Bd7 15.
Qd2 Bc6 16. g3 Rd8 17. Bg2 h4 18. Qe3 Nbd7 19. f5 h3 20. Bf3 gxf5 21. exf5 d5
22. Rae1 Nc5 23. Nf4 Ng4 24. Qe2 d4 25. Ncd5 Qd6 26. Bxg4 exf4 27. Qxe7+ Qxe7
28. Rxe7+ Kf8 29. Bf3 fxg3 30. hxg3 Rxd5 31. Rc7 Rxf5 32. Rc8+ Kg7 33. Bxd4+ f6
34. Rxh8 Kxh8 35. Bxc5 Bxf3+ 36. Kh2 Rxc5 37. Rxf3 Rxc2+ 38. Kxh3 Rxa2 39. Rxf6
b5 40. Rb6 Kg7 41. Kg4 Ra3 42. Kf5 Rxb3 43. Re6 Rxg3 44. Rb6 Rb3 45. Ke5 Rb1
46. Kd5 b4 1/2-1/2

[Event "4NCL Division 1d"]
[Site "Birmingham, ENG"]
[Date "2016.05.01"]
[Round "10.183"]
[White "Eckersley-Waites, Adam"]
[Black "Burnett, Jim"]
[Result "1-0"]
[WhiteElo "2277"]
[BlackElo "2177"]
[PlyCount "69"]
[EventDate "2016.05.01"]
[WhiteTeam "Cambridge University 1"]
[BlackTeam "White Rose 2"]

1. e4 e6 2. d4 d5 3. Nc3 Bb4 4. e5 c5 5. a3 Bxc3+ 6. bxc3 Ne7 7. Qg4 Qc7 8.
Qxg7 Rg8 9. Qxh7 cxd4 10. Ne2 dxc3 11. f4 Nbc6 12. Qd3 Bd7 13. Nxc3 a6 14. Rb1
Na5 15. h4 O-O-O 16. h5 Nf5 17. Rh3 Nc4 18. Qe2 Ng3 19. Qf2 Nxf1 20. Kxf1 d4
21. Ne4 Bc6 22. Ng5 Qe7 23. h6 f6 24. exf6 Qxf6 25. h7 Rgf8 26. Kg1 e5 27. Qe2
Bd5 28. Rb4 Qc6 29. fxe5 a5 30. e6 Rde8 31. e7 Rh8 32. Rxc4 Bxc4 33. Qe5 Bd5
34. Bf4 Bxg2 35. Rh6 1-0

[Event "4NCL Division 1d"]
[Site "Birmingham, ENG"]
[Date "2016.05.01"]
[Round "10.184"]
[White "Arnott, Jonathan W"]
[Black "Bisby, Daniel L"]
[Result "0-1"]
[WhiteElo "2151"]
[BlackElo "2275"]
[PlyCount "118"]
[EventDate "2016.05.01"]
[WhiteTeam "White Rose 2"]
[BlackTeam "Cambridge University 1"]

1. e4 e6 2. d4 d5 3. e5 c5 4. c3 Nc6 5. Nf3 Bd7 6. Bd3 Rc8 7. O-O cxd4 8. cxd4
Nb4 9. Nc3 Nxd3 10. Qxd3 Ne7 11. Nb5 Bxb5 12. Qxb5+ Qd7 13. Qxd7+ Kxd7 14. Ng5
Ke8 15. Bd2 Nc6 16. Rac1 h6 17. Nf3 Kd7 18. Rc2 Be7 19. Rfc1 Bd8 20. Bb4 Bg5
21. Nxg5 hxg5 22. Bd6 Rh4 23. b4 b5 24. a4 a6 25. axb5 axb5 26. f4 Rxf4 27. Rc5
Rxd4 28. Rxb5 Rc4 29. Rb7+ Ke8 30. Rf1 Rf4 31. Rxf4 gxf4 32. h4 Nd4 33. Re7+
Kd8 34. Rxf7 Rc1+ 35. Kh2 Nf5 36. b5 Rb1 37. Rf8+ Kd7 38. Rf7+ Kc8 39. Rf8+ Kb7
40. Rb8+ Ka7 41. Re8 Rxb5 42. Rxe6 d4 43. Ba3 d3 44. Bc1 Ne3 45. Rd6 Rb1 46. g3
Rxc1 47. Rxd3 f3 48. Rxe3 f2 49. Rf3 f1=Q 50. Rxf1 Rxf1 51. Kh3 Re1 52. Kg4
Rxe5 53. Kf4 Rb5 54. g4 Kb7 55. h5 Kc7 56. g5 Kd7 57. h6 gxh6 58. gxh6 Rh5 59.
h7 Rxh7 0-1

[Event "4NCL Division 1d"]
[Site "Birmingham, ENG"]
[Date "2016.05.01"]
[Round "10.185"]
[White "Hill, Alistair"]
[Black "Barrett, Stephen J"]
[Result "1-0"]
[WhiteElo "2204"]
[BlackElo "2191"]
[PlyCount "79"]
[EventDate "2016.05.01"]
[WhiteTeam "Cambridge University 1"]
[BlackTeam "White Rose 2"]

1. d4 Nf6 2. c4 c5 3. d5 b5 4. Nf3 bxc4 5. Nc3 d6 6. e4 g6 7. Bxc4 Bg7 8. O-O
Nbd7 9. h3 O-O 10. Re1 Rb8 11. Qc2 Nb6 12. Bf1 e6 13. dxe6 fxe6 14. Bg5 h6 15.
Bh4 g5 16. Bg3 Nh5 17. Bh2 Nf4 18. Bxf4 Rxf4 19. Rad1 Rxf3 20. gxf3 Be5 21. f4
gxf4 22. f3 Rb7 23. Re2 Rg7+ 24. Rg2 Rg3 25. Rxg3+ fxg3 26. f4 Bxf4 27. e5 Qg5
28. Ne4 Be3+ 29. Kh1 Bb7 30. exd6 Nd7 31. Bg2 Qh5 32. Re1 Bd4 33. Qb3 Bd5 34.
Qxg3+ Kh8 35. Nc3 Be5 36. Qg4 Bxg2+ 37. Kxg2 Qxg4+ 38. hxg4 Kg7 39. Ne4 c4 40.
Nc5 {time} 1-0

[Event "4NCL Division 1d"]
[Site "Birmingham, ENG"]
[Date "2016.05.01"]
[Round "10.186"]
[White "Shaw, Peter"]
[Black "Lee, Richard W Y"]
[Result "1/2-1/2"]
[WhiteElo "2138"]
[BlackElo "2165"]
[PlyCount "101"]
[EventDate "2016.05.01"]
[WhiteTeam "White Rose 2"]
[BlackTeam "Cambridge University 1"]

1. d4 d5 2. Bf4 Nf6 3. e3 Bf5 4. c4 c6 5. Qb3 Qb6 6. Nc3 e6 7. c5 Qxb3 8. axb3
Nbd7 9. b4 Nh5 10. Nf3 Nxf4 11. exf4 Be7 12. b5 O-O 13. b4 cxb5 14. Bxb5 Nf6
15. O-O Ne4 16. Nxe4 Bxe4 17. Ne5 a6 18. Be2 Rad8 19. c6 f6 20. Nd7 Rfe8 21.
Nc5 Bxc5 22. bxc5 bxc6 23. Rxa6 e5 24. fxe5 fxe5 25. dxe5 Rxe5 26. Rxc6 Bxg2
27. Kxg2 Rxe2 28. Kf3 Rc2 29. Ke3 d4+ 30. Kd3 Rc3+ 31. Kd2 Kf7 32. Rg1 Rd7 33.
Rg3 Rc4 34. Rc8 h6 35. c6 Rd6 36. Rc7+ Kf6 37. Rgxg7 Rcxc6 38. Rgf7+ Ke5 39.
Rxc6 Rxc6 40. Re7+ Kf4 41. Kd3 Rd6 42. h3 Kf3 43. Rf7+ Kg2 44. h4 h5 45. Rf5
Rd8 46. Rxh5 Kxf2 47. Rg5 Kf3 48. h5 Kf4 49. Rg1 Rh8 50. Rh1 Kg5 51. Kxd4
1/2-1/2

[Event "4NCL Division 1d"]
[Site "Birmingham, ENG"]
[Date "2016.05.01"]
[Round "10.187"]
[White "Kueh, Audrey"]
[Black "Gayson, Peter M"]
[Result "1-0"]
[WhiteElo "2091"]
[BlackElo "2131"]
[PlyCount "73"]
[EventDate "2016.05.01"]
[WhiteTeam "Cambridge University 1"]
[BlackTeam "White Rose 2"]

1. e4 c5 2. Nf3 e6 3. g3 d5 4. exd5 exd5 5. d4 Nf6 6. Bg2 Be7 7. O-O O-O 8.
dxc5 Bxc5 9. Nc3 Nc6 10. Bg5 d4 11. Ne4 Be7 12. Nxf6+ Bxf6 13. Qd2 h6 14. Bxf6
Qxf6 15. Ne1 Bf5 16. Nd3 Rac8 17. Rfe1 Rc7 18. Be4 Rfc8 19. Qf4 Ne7 20. Bxf5
Qxf5 21. Qxd4 Ng6 22. Qxa7 Rxc2 23. Qe3 R8c7 24. Qe8+ Kh7 25. Rad1 Qh5 26. Nb4
Rc8 27. Qxf7 R8c7 28. Qe8 Rxf2 29. Kxf2 Qxh2+ 30. Kf3 Nh4+ 31. gxh4 Qh3+ 32.
Ke4 Qxh4+ 33. Kd5 Qc4+ 34. Kd6 Qc5+ 35. Ke6 Qb6+ 36. Ke5 Qxb4 37. Kf5 1-0

[Event "4NCL Division 1d"]
[Site "Birmingham, ENG"]
[Date "2016.05.01"]
[Round "10.188"]
[White "Sucikova, Svetlana"]
[Black "Spencer, Carl J"]
[Result "1/2-1/2"]
[WhiteElo "2207"]
[BlackElo "2106"]
[PlyCount "90"]
[EventDate "2016.05.01"]
[WhiteTeam "White Rose 2"]
[BlackTeam "Cambridge University 1"]

1. c4 e6 2. Nc3 d5 3. e3 Nf6 4. Nf3 Be7 5. b3 c5 6. Bb2 Nc6 7. d3 O-O 8. Be2 d4
9. Nb1 dxe3 10. fxe3 Ng4 11. Qd2 Bh4+ 12. g3 Bg5 13. Nxg5 Qxg5 14. Bxg4 Qxg4
15. Nc3 b6 16. Ne4 Bb7 17. Rf1 Rad8 18. Rf4 Qg6 19. O-O-O e5 20. Rff1 Nb4 21.
Nf2 Nxa2+ 22. Kb1 Nb4 23. Qe2 f6 24. Bc3 Na6 25. e4 Bc8 26. g4 Nc7 27. Bd2 Ne6
28. Be3 Nd4 29. Bxd4 Rxd4 30. Rg1 b5 31. Kc2 Rfd8 32. Ra1 Qf7 33. Ra5 Qc7 34.
Rga1 bxc4 35. bxc4 a6 36. Kc3 R8d6 37. Qa2 Qd8 38. Rd1 Bxg4 39. Rd2 Bc8 40.
Rxc5 Bb7 41. Rb2 Rxd3+ 42. Nxd3 Rxd3+ 43. Kb4 Qb6+ 44. Rb5 Qc7 45. Rc5 Qb6+
1/2-1/2